Triedy a stratifikácia v sociálnej zmene Slovenska

Bibliographic Details
Main Authors: Strapcová, Katarína, 1973- (Author), Zeman, Milan (Author)
Other Authors: Búzik, Bohumil, 1949- (Editor)
Format: Book
Language:Slovak
PhysicalDescription:122 s. grafy, mp., tab. 21 cm
Published: Bratislava Sociologický ústav SAV 2008
ISBN:9788085544458 (brož.)
Edition:1. vyd.
Subjects:

MARC

LEADER 00000cam a2200000 a 4500
001 vtls009511648
003 SK-MaSNL
005 20260331205122.0
008 160208s2008 xo dbl d 000 0 slo
015 |a SNBA2009/06-03109 
020 |a 9788085544458 (brož.)  |z 8085544458 
035 |a 62AADCDA-94C6-41D7-9E2C-79664D2D6E5D 
035 |a urn:nbn:sk:snk-amk8gw 
035 |a urn:nbn:sk:snk-am0088qp 
040 |a SNK  |b slo  |c SNK  |e AACR2 
041 0 |a slo 
043 |a e-xo--- 
044 |a xo  |c SK 
072 7 |a 316.3  |x Globálne spoločnosti. Sociálna štruktúra. Sociálne skupiny  |2 konspekt 
080 |a 364.614  |2 2001 
080 |a (437.6)  |2 2001 
080 |a (048.8)  |2 2001 
080 |a (082)  |2 2001 
080 |a 316.342.2  |2 2001 
080 |a 316.34  |2 2001 
080 |a 316.42  |2 2001 
100 1 |a Búzik, Bohumil,  |d 1949-  |4 edt  |9 163099 
245 1 0 |a Triedy a stratifikácia v sociálnej zmene Slovenska  |c [autori Bohumil Búzik, Katarína Strapcová, Milan Zeman] 
250 |a 1. vyd. 
260 |a Bratislava  |b Sociologický ústav SAV  |c 2008 
300 |a 122 s.  |b grafy, mp., tab.  |c 21 cm 
504 |a Bibliogr. odkazy. Pozn. 
650 0 7 |a sociálna nerovnosť  |2 SNKPH  |9 23093 
650 0 7 |a spoločenské triedy  |2 SNKPH  |9 4868 
650 0 7 |a sociálna stratifikácia  |2 SNKPH  |9 4871 
650 0 7 |a sociálna zmena  |2 SNKPH  |9 3614 
651 7 |a Slovensko  |2 SNKPH  |9 14231 
655 7 |a štúdie  |2 SNKPH  |9 57033 
655 7 |a zborníky  |2 SNKPH  |9 70165 
700 1 |a Strapcová, Katarína,  |d 1973-  |4 aut  |9 103932 
700 1 |a Zeman, Milan  |4 aut  |9 334057 
919 |a 978-80-85544-45-9 
958 |a NB 
958 |a OND 
968 |d 30/31 
999 |c 1002002  |d 1003932 
952 |a SNK  |b SNK  |y PREZ  |7 0  |p 17A0620412  |o snkSC 135617  |i snk2009/8603  |8 0  |0 0  |1 0  |4 0  |d 2009-05-12  |l 0  |r 2025-07-02 00:00:00  |w 2026-02-24 
952 |a SNK  |b SNK  |y VYP  |7 0  |p 17A0624039  |o snkSC 135617 D1  |i snk2009/11227  |8 0  |0 0  |1 0  |4 0  |d 2009-06-18  |f 1  |l 0  |r 2026-02-24 12:23:59  |w 2026-02-24